000 00524nam a22001697a 4500
005 20251108175441.0
008 250721s2015 xx 000 0 ara d
082 1 4 _a214.5/عبد
100 1 _aعبد الحكيم، منصور
245 1 0 _aظهورات المسيح الدجال عبر العصور /
264 1 _aدمشق :
_bدار الكتاب العربي،
_c2015.
300 _a400 ص.
650 1 7 _aالعقيدة الدينية
653 _aالمسيح الدجال
942 _2ddc
_cBK
999 _c134405
_d134405